000 00667nam a22002057a 4500
003 0
005 20240904085702.0
008 240904b xxu||||| |||| 00| 0 eng d
020 _a978-1-265-17938-0
050 _aBF 713
_b.Sa26 2023
100 _aSantrock, John W.
245 _aA topical to life-span development
_cJohn W. Santrock
250 _aEleventh edition
260 _aNew York
_bMcGraw Hill, LLC
_c2023
300 _alviii, 698 pages :
_bcolored illustration and pictures ;
_c28cm.
504 _aIncludes bibliographical references, glossary, and index.
650 _aDevelopmental psychology.
650 _aLife cycle, human.
942 _2lcc
_cBK
999 _c366162
_d366162